Dictionnaire encyclopedique de finances publiques

Saved in:
Bibliographic Details
Other Authors: Philip, Loic
Format: Book
Language:French
Published: Paris Economica 1991
Subjects:
Tags: Add Tag
No Tags, Be the first to tag this record!

MARC

LEADER 00000nam$a2200000$$$4500
001 0113125
005 20240111124659.3
020 |a 2-7178-2006-X 
041 0 |a fre 
044 |a FR 
245 1 0 |a Dictionnaire encyclopedique de finances publiques  |c sous la direction de: Loic Philip 
264 1 |a Paris  |b Economica  |c 1991 
300 |a 880 s. 
610 2 0 |a financie verejné 
610 2 0 |a politika finančná 
610 2 0 |a slovníky 
700 1 |a Philip, Loic